Food processing operations analysis (Record no. 15380)
[ view plain ]
| 000 -LEADER | |
|---|---|
| fixed length control field | 00297nam a22001217a 4500 |
| 020 ## - INTERNATIONAL STANDARD BOOK NUMBER | |
| ISBN | 81-86299-78-5 |
| 082 ## - DEWEY DECIMAL CLASSIFICATION NUMBER | |
| Classification number | 664.02 |
| Item number | DAS/FO |
| 100 ## - MAIN ENTRY--AUTHOR NAME | |
| Personal name | Das, H |
| 245 ## - TITLE STATEMENT | |
| Title | Food processing operations analysis |
| 260 ## - PUBLICATION, DISTRIBUTION, ETC. (IMPRINT) | |
| Place of publication | New Delhi |
| Name of publisher | Asian Books Private Limited |
| Year of publication | 2005 |
| 300 ## - PHYSICAL DESCRIPTION | |
| Number of Pages | 406 |
| 942 ## - ADDED ENTRY ELEMENTS (KOHA) | |
| Koha item type | Books |
No items available.
